[Event "DEN-chB"]
[Site "Svendborg"]
[Date "2021.10.21"]
[Round "4"]
[White "Sylvan, Jacob"]
[Black "Jensen, Bjarke"]
[Result "1-0"]
[WhiteElo "2295"]
[BlackElo "2349"]
[PlyCount "49"]
[EventDate "2021.10.18"]
[EventType "swiss"]
[EventRounds "7"]
[EventCountry "DEN"]
[SourceTitle "EXT 2023"]
[Source "ChessBase"]
[SourceDate "2022.10.05"]
[SourceVersion "1"]
[SourceVersionDate "2022.10.05"]
[SourceQuality "1"]

1. e4 c6 2. d4 d5 3. e5 Bf5 4. h4 h5 5. Bd3 Qd7 6. Ne2 c5 7. dxc5 Nc6 8. Bf4 Bxd3 9. cxd3 d4 10. Nd2 f6 11. Nc4 Nh6 12. Qb3 Nd8 13. 0-0 Nf5 14. Rae1 Rc8 15. Ng3 Rxc5 16. exf6 Nf7 17. Ne5 Rxe5 18. Bxe5 gxf6 19. Bxf6 Rg8 20. Bg5 Rg6 21. Ne4 Bg7 22. Qd1 Nxg5 23. hxg5 h4 24. Qh5 Kf7 25. Nc5 1-0

[Event "DEN-chB"]
[Site "Svendborg"]
[Date "2021.10.20"]
[Round "3"]
[White "Jensen, Bjarke"]
[Black "Meskenas, Paulius"]
[Result "1/2-1/2"]
[WhiteElo "2349"]
[BlackElo "2044"]
[PlyCount "76"]
[EventDate "2021.10.18"]
[EventType "swiss"]
[EventRounds "7"]
[EventCountry "DEN"]
[SourceTitle "EXT 2023"]
[Source "ChessBase"]
[SourceDate "2022.10.05"]
[SourceVersion "1"]
[SourceVersionDate "2022.10.05"]
[SourceQuality "1"]

1. e4 e5 2. Nf3 Nc6 3. Bc4 Nf6 4. d3 Bc5 5. 0-0 h6 6. c3 d6 7. b4 Bb6 8. Re1 Bg4 9. Nbd2 a5 10. b5 Ne7 11. a4 Ng6 12. Qc2 Qd7 13. d4 0-0-0 14. Bf1 Bh5 15. Bb2 Nf4 16. Kh1 Bxf3 17. Nxf3 g5 18. Rad1 g4 19. Nd2 h5 20. Nc4 Qe6 21. Bc1 h4 22. Be3 N6h5 23. dxe5 dxe5 24. Bxb6 cxb6 25. Ne3 g3 26. Kg1 Rdg8 27. Nf5 gxf2+ 28. Kxf2 Nf6 29. h3 Ne8 30. Qd2 Nc7 31. Qd6 Rd8 32. Ne7+ Kb8 33. Qxd8+ Rxd8 34. Rxd8+ Ka7 35. Nc8+ Kb8 36. Nxb6+ Ka7 37. Nc8+ Ka8 38. Nd6+ Ka7 1/2-1/2

[Event "DEN-chB"]
[Site "Svendborg"]
[Date "2021.10.18"]
[Round "1"]
[White "Jensen, Bjarke"]
[Black "Liu, Casper Yukun"]
[Result "1-0"]
[WhiteElo "2349"]
[BlackElo "2150"]
[PlyCount "45"]
[EventDate "2021.10.18"]
[EventType "swiss"]
[EventRounds "7"]
[EventCountry "DEN"]
[SourceTitle "EXT 2023"]
[Source "ChessBase"]
[SourceDate "2022.10.05"]
[SourceVersion "1"]
[SourceVersionDate "2022.10.05"]
[SourceQuality "1"]

1. e4 c6 2. d4 d5 3. e5 Bf5 4. Be3 e6 5. Nd2 Ne7 6. Nb3 Nd7 7. Be2 c5 8. Nxc5 Nxc5 9. dxc5 Nc6 10. Nf3 Be4 11. 0-0 Bxf3 12. Bxf3 Nxe5 13. Be2 Nc6 14. b4 Be7 15. Rb1 0-0 16. f4 b6 17. b5 Na5 18. c6 Bc5 19. Bxc5 bxc5 20. f5 e5 21. f6 g6 22. Qd2 Kh8 23. c7 1-0

[Event "DEN-chT 1920 58th"]
[Site "Denmark"]
[Date "2020.02.23"]
[Round "7.2"]
[White "Jensen, Bjarke"]
[Black "Sylvan, Jacob"]
[Result "1-0"]
[WhiteElo "2328"]
[BlackElo "2323"]
[PlyCount "73"]
[EventDate "2019.11.23"]
[EventType "team-tourn"]
[EventRounds "9"]
[EventCountry "DEN"]
[SourceTitle "EXT 2021"]
[Source "ChessBase"]
[SourceDate "2020.10.23"]
[SourceVersion "1"]
[SourceVersionDate "2020.10.23"]
[SourceQuality "1"]
[WhiteTeam "Jetsmark"]
[BlackTeam "Nordkallotten"]
[WhiteTeamCountry "DEN"]
[BlackTeamCountry "DEN"]

1. e4 c5 2. Nf3 Nc6 3. d4 cxd4 4. Nxd4 e6 5. Nc3 Qc7 6. f4 a6 7. Nxc6 Qxc6 8. Bd3 b5 9. Qe2 Bb7 10. Bd2 Qc7 11. a3 d6 12. 0-0-0 Nf6 13. Rhf1 Rc8 14. g4 Nd7 15. f5 e5 16. g5 Nc5 17. Kb1 f6 18. Qh5+ Kd8 19. Be3 Qe7 20. Qh4 Kc7 21. g6 h6 22. Rd2 Kb8 23. Be2 Qc7 24. Bf3 Be7 25. Bg1 Qa5 26. Qf2 b4 27. axb4 Qxb4 28. Nd5 Bxd5 29. Rxd5 Rc7 30. Qd2 Qa4 31. Bxc5 dxc5 32. b3 Rb7 33. Rd1 Rc8 34. Rd7 Rcc7 35. Rxc7 Kxc7 36. Qd5 c4 37. Qxb7+ 1-0

[Event "DEN-chT 1819 57th"]
[Site "Denmark"]
[Date "2018.12.09"]
[Round "4.3"]
[White "Bjerre, Jonas Buhl"]
[Black "Jensen, Bjarke"]
[Result "1-0"]
[WhiteElo "2438"]
[BlackElo "2311"]
[PlyCount "123"]
[EventDate "2018.10.27"]
[EventType "team-tourn"]
[EventRounds "9"]
[EventCountry "DEN"]
[SourceTitle "CBM 189 Extra"]
[Source "ChessBase"]
[SourceDate "2019.06.03"]
[SourceVersion "1"]
[SourceVersionDate "2019.06.03"]
[SourceQuality "1"]
[WhiteTeam "Skanderborg Nordea"]
[BlackTeam "Jetsmark"]
[WhiteTeamCountry "DEN"]
[BlackTeamCountry "DEN"]

1. e4 c6 2. d4 d5 3. e5 Bf5 4. Nd2 c5 5. dxc5 Nc6 6. Ngf3 e6 7. Nb3 Bg4 8. Bb5 Bxc5 9. Bxc6+ bxc6 10. Nxc5 Qa5+ 11. Qd2 Qxc5 12. Nd4 Ne7 13. 0-0 Bh5 14. a4 a6 15. Nb3 Qc4 16. Na5 Qh4 17. Ra3 Bg6 18. Qg5 Qb4 19. Bd2 Qxb2 20. Rb3 Qxc2 21. Rb7 Nc8 22. Bb4 c5 23. Rc1 Qf5 24. Qxf5 Bxf5 25. Bxc5 d4 26. Rc7 Be4 27. Bb4 Nb6 28. Re7+ Kd8 29. Rxf7 Rc8 30. Rd1 Bd5 31. h4 Rc7 32. Rxc7 Kxc7 33. Rxd4 Nd7 34. Bd6+ Kb6 35. Nc4+ Kc6 36. Ne3 Nb6 37. a5 Nc8 38. Nxd5 exd5 39. Bb4 Na7 40. Rg4 g6 41. h5 Kb5 42. hxg6 hxg6 43. Bd2 Nc6 44. Rxg6 Nxe5 45. Rb6+ Kc4 46. Rxa6 Kd3 47. Bb4 Nc4 48. Rg6 Rb8 49. Rg3+ Ke2 50. Rb3 d4 51. Rb1 Ra8 52. Re1+ Kd3 53. Rd1+ Ke4 54. Bc5 d3 55. f3+ Kd5 56. Be3 Rxa5 57. Rxd3+ Ke6 58. Kf2 Ra2+ 59. Kg3 Nd6 60. Rd2 Ra3 61. Re2 Kf5 62. Bc5 1-0

[Event "DEN-chT 1718 56th"]
[Site "Denmark"]
[Date "2017.12.17"]
[Round "4.5"]
[White "Jensen, Bjarke"]
[Black "Skytte, Rasmus"]
[Result "1-0"]
[WhiteElo "2319"]
[BlackElo "2394"]
[PlyCount "107"]
[EventDate "2017.11.18"]
[EventType "team-tourn"]
[EventRounds "9"]
[EventCountry "DEN"]
[SourceTitle "EXT 2019"]
[Source "ChessBase"]
[SourceDate "2018.10.10"]
[SourceVersion "1"]
[SourceVersionDate "2018.10.10"]
[SourceQuality "1"]
[WhiteTeam "Jetsmark"]
[BlackTeam "Aarhus/Skolerne"]
[WhiteTeamCountry "DEN"]
[BlackTeamCountry "DEN"]

1. e4 c5 2. Nf3 e6 3. b3 a6 4. Bb2 Nc6 5. g3 Qc7 6. Bg2 Nf6 7. Qe2 Be7 8. e5 Ng4 9. h3 Nh6 10. g4 0-0 11. d3 d6 12. exd6 Bxd6 13. Nbd2 Bf4 14. Nc4 b5 15. Ne3 Bb7 16. 0-0 Rad8 17. c3 Ne7 18. Nh4 f5 19. Bxb7 Qxb7 20. Neg2 fxg4 21. Nxf4 Rxf4 22. Bc1 Nd5 23. c4 gxh3 24. Qxe6+ Kh8 25. Qxh3 Nc3 26. Bxf4 Ne2+ 27. Kh2 Nxf4 28. Qg3 Ne2 29. Qg5 Qc7+ 30. f4 Qd7 31. Rf3 Ng4+ 32. Kh1 Nd4 33. Rg3 Nf6 34. Re1 Qb7+ 35. Kg1 bxc4 36. dxc4 Rc8 37. Nf5 Nxf5 38. Qxf5 Rd8 39. Qxc5 h5 40. Rge3 Qd7 41. Qg5 Qa7 42. Kf1 Qa8 43. Qg2 Qb8 44. Re5 Kg8 45. Qc6 Kh7 46. Qf3 Kh6 47. Re6 Rf8 48. R1e5 g6 49. Qg3 Qd8 50. Rd5 Qc7 51. Qg5+ Kg7 52. Rdd6 Qb7 53. Kg1 Qf3 54. Re7+ 1-0

[Event "DEN-chT 1718 56th"]
[Site "Denmark"]
[Date "2017.12.03"]
[Round "3.1"]
[White "Rewitz, Poul"]
[Black "Jensen, Bjarke"]
[Result "1-0"]
[WhiteElo "2308"]
[BlackElo "2319"]
[PlyCount "67"]
[EventDate "2017.11.18"]
[EventType "team-tourn"]
[EventRounds "9"]
[EventCountry "DEN"]
[SourceTitle "CBM 181 Extra"]
[Source "ChessBase"]
[SourceDate "2017.12.12"]
[SourceVersion "1"]
[SourceVersionDate "2017.12.12"]
[SourceQuality "1"]
[WhiteTeam "Copenhagen 68"]
[BlackTeam "Jetsmark"]
[WhiteTeamCountry "DEN"]
[BlackTeamCountry "DEN"]

1. e4 c5 2. Na3 Nc6 3. Bb5 Nf6 4. d3 Qc7 5. Nf3 a6 6. Bxc6 Qxc6 7. Nc4 b5 8. Ne3 Bb7 9. 0-0 e6 10. Re1 Be7 11. b3 0-0 12. Bb2 d5 13. e5 Nd7 14. d4 c4 15. h4 Rfc8 16. Ng5 h6 17. Qh5 hxg5 18. hxg5 c3 19. Bc1 Nxe5 20. f4 Ng6 21. Ng4 Bd6 22. Rxe6 fxe6 23. Qxg6 Kf8 24. Nf6 Be7 25. Nh5 Rc7 26. Nxg7 Bc8 27. Qh6 Kg8 28. g6 Bc5 29. Qh7+ Kf8 30. Qh8+ Ke7 31. Be3 Bd7 32. Qh4+ Kf8 33. Qf6+ Kg8 34. Qf7+ 1-0

[Event "DEN-chT 1617 55th"]
[Site "Denmark"]
[Date "2017.01.08"]
[Round "5.3"]
[White "Jensen, Bjarke"]
[Black "Hoi, Carsten"]
[Result "1-0"]
[WhiteElo "2320"]
[BlackElo "2382"]
[PlyCount "139"]
[EventDate "2016.10.29"]
[EventType "team-tourn"]
[EventRounds "9"]
[EventCountry "DEN"]
[SourceTitle "EXT 2018"]
[Source "ChessBase"]
[SourceDate "2017.10.13"]
[SourceVersion "1"]
[SourceVersionDate "2017.10.13"]
[SourceQuality "1"]
[WhiteTeam "Jetsmark"]
[BlackTeam "Bronshoj"]
[WhiteTeamCountry "DEN"]
[BlackTeamCountry "DEN"]

1. e4 g6 2. d4 Bg7 3. Nc3 d6 4. f4 Nc6 5. Nf3 Bg4 6. Be3 Bxf3 7. gxf3 e6 8. Qd2 Nge7 9. Ne2 d5 10. 0-0-0 Qd7 11. c3 a6 12. Ng3 f5 13. Bd3 b5 14. Ne2 Na5 15. b3 Kf7 16. e5 Rhb8 17. Bc2 Nac6 18. Qd3 a5 19. Kd2 Nc8 20. Ke1 N6e7 21. Kf2 Nb6 22. Nc1 c6 23. Qe2 Qd8 24. h4 h5 25. Nd3 Nd7 26. Bb1 Qc7 27. Rhg1 Rg8 28. Kg3 Nc8 29. Kh3 Bf8 30. Qf2 Be7 31. Rg3 Qd8 32. Rg2 Ncb6 33. Nc5 Qf8 34. Nd3 Rc8 35. Qe1 c5 36. dxc5 Nxc5 37. Nc1 Qe8 38. Qe2 Qc6 39. Bd4 a4 40. Rdg1 axb3 41. axb3 Nbd7 42. Qe1 Ra8 43. b4 Na4 44. Nb3 Nab6 45. Bxb6 Nxb6 46. Nd4 Qd7 47. Qe2 Nc4 48. Rg3 Rae8 49. Bd3 Bd8 50. Bxc4 dxc4 51. Qg2 g5 52. fxg5 f4 53. g6+ Kg7 54. Rg5 Rh8 55. Qd2 Qb7 56. Qxf4 Rhf8 57. Rxh5 Rxf4 58. Rh7+ Kg8 59. Rxb7 Rxh4+ 60. Kg3 Rh6 61. Kf4 Bh4 62. Nxb5 Bf2 63. Rg4 Rf8+ 64. Rf7 Rd8 65. Nc7 Be1 66. Kg5 Rh1 67. Nxe6 Re8 68. Rxc4 Bd2+ 69. f4 Be1 70. Rcc7 1-0

[Event "DEN-chT 1516 54th"]
[Site "Denmark"]
[Date "2016.03.06"]
[Round "9.4"]
[White "Brynell, Stellan"]
[Black "Jensen, Bjarke"]
[Result "1-0"]
[WhiteElo "2424"]
[BlackElo "2366"]
[PlyCount "97"]
[EventDate "2015.10.31"]
[EventType "team-tourn"]
[EventRounds "9"]
[EventCountry "DEN"]
[SourceTitle "EXT 2017"]
[Source "ChessBase"]
[SourceDate "2016.10.25"]
[SourceVersion "1"]
[SourceVersionDate "2016.10.25"]
[SourceQuality "1"]
[WhiteTeam "Nordkalotten"]
[BlackTeam "Jetsmark"]
[WhiteTeamCountry "DEN"]
[BlackTeamCountry "DEN"]

1. e4 c5 2. Nf3 Nc6 3. Bb5 Nf6 4. Nc3 Qc7 5. 0-0 e6 6. Re1 Ng4 7. h3 Nge5 8. Bxc6 bxc6 9. d3 Bd6 10. Be3 Nxf3+ 11. Qxf3 0-0 12. Na4 f5 13. b3 fxe4 14. Qxe4 Rf5 15. Rad1 Bb7 16. c4 Raf8 17. d4 cxd4 18. Qxd4 Bb4 19. Rf1 d5 20. cxd5 c5 21. Nxc5 Bxc5 22. Qxc5 Qe5 23. Qxa7 R5f7 24. Qd4 Qxd4 25. Rxd4 Bxd5 26. Rc1 Ra8 27. Rc2 Rb7 28. f3 Kf7 29. Rf4+ Kg6 30. g4 Rd7 31. Kf2 Bb7 32. a4 Bd5 33. Rb4 h5 34. Kg3 Rf7 35. f4 hxg4 36. hxg4 Rh8 37. a5 Rh1 38. a6 Rf8 39. Rh2 Re1 40. Kf2 Rb1 41. Rh5 Rb2+ 42. Kg3 Rg2+ 43. Kh3 Re2 44. Bc5 Rc8 45. Rb5 Rd8 46. f5+ Kf7 47. a7 g5 48. Rh7+ Kg8 49. Rb8 1-0

[Event "DEN-chT 1516 54th"]
[Site "Denmark"]
[Date "2016.02.07"]
[Round "7.2"]
[White "Jensen, Bjarke"]
[Black "Semcesen, Daniel"]
[Result "0-1"]
[WhiteElo "2366"]
[BlackElo "2436"]
[PlyCount "60"]
[EventDate "2015.10.31"]
[EventType "team-tourn"]
[EventRounds "9"]
[EventCountry "DEN"]
[SourceTitle "EXT 2018"]
[Source "ChessBase"]
[SourceDate "2017.10.13"]
[SourceVersion "1"]
[SourceVersionDate "2017.10.13"]
[SourceQuality "1"]
[WhiteTeam "Jetsmark"]
[BlackTeam "Skanderborg Nordea"]
[WhiteTeamCountry "DEN"]
[BlackTeamCountry "DEN"]

1. e4 e5 2. Nf3 Nc6 3. Bb5 a6 4. Ba4 Nf6 5. 0-0 Nxe4 6. d4 b5 7. Bb3 d5 8. dxe5 Be6 9. Be3 Be7 10. Qe2 0-0 11. Rd1 Bc5 12. Nbd2 Bxe3 13. Qxe3 Nxd2 14. Rxd2 Na5 15. Qc5 c6 16. c3 Qc7 17. Qe3 Rad8 18. Rd4 c5 19. Rh4 Bf5 20. Nd2 Rfe8 21. f4 d4 22. cxd4 Rxd4 23. Qf2 Qd8 24. Nf3 Nxb3 25. axb3 Rd1+ 26. Rxd1 Qxd1+ 27. Ne1 Rd8 28. g4 Rd2 29. gxf5 Rxf2 30. Kxf2 Qxb3 0-1

[Event "DEN-chT 1516 54th"]
[Site "Denmark"]
[Date "2016.01.10"]
[Round "5.2"]
[White "Borge, Nikolaj"]
[Black "Jensen, Bjarke"]
[Result "1-0"]
[WhiteElo "2379"]
[BlackElo "2366"]
[PlyCount "147"]
[EventDate "2015.10.31"]
[EventType "team-tourn"]
[EventRounds "9"]
[EventCountry "DEN"]
[SourceTitle "CBM 170 Extra"]
[Source "ChessBase"]
[SourceDate "2016.02.25"]
[SourceVersion "1"]
[SourceVersionDate "2016.02.25"]
[SourceQuality "1"]
[WhiteTeam "Hillerod"]
[BlackTeam "Jetsmark"]
[WhiteTeamCountry "DEN"]
[BlackTeamCountry "DEN"]

1. e4 c5 2. Nf3 Nc6 3. Bb5 Nf6 4. Qe2 Qc7 5. c3 a6 6. Bxc6 Qxc6 7. e5 Nd5 8. d4 b5 9. a4 Bb7 10. axb5 axb5 11. Rxa8+ Bxa8 12. dxc5 Qxc5 13. Nd4 Nc7 14. 0-0 e6 15. Re1 b4 16. Qg4 h5 17. Qg5 Rh6 18. f3 Nd5 19. Kh1 h4 20. Qg4 Rh7 21. h3 g6 22. Nd2 bxc3 23. Ne4 Qa5 24. bxc3 Rh5 25. Bg5 Be7 26. Rb1 Bxg5 27. Nxg5 Ke7 28. Rb8 Qxc3 29. Ne4 Qxd4 30. Re8+ Kxe8 31. Nd6+ Kf8 32. Qxd4 Bc6 33. Qb2 Kg7 34. Ne8+ Kh7 35. Nd6 Kg7 36. f4 Nxf4 37. Ne8+ Kf8 38. Nf6 Kg7 39. Ne8+ Kf8 40. Qb8 Rh8 41. Qb4+ Kxe8 42. Qb8+ Ke7 43. Qd6+ Ke8 44. Qb8+ Ke7 45. Qxh8 Nxg2 46. Kg1 Ne3 47. Qf6+ Ke8 48. Qh8+ Ke7 49. Qxh4+ Ke8 50. Qh8+ Ke7 51. Kf2 Nf5 52. Qf6+ Ke8 53. Ke2 d6 54. Kd3 dxe5 55. Qxe5 Bd5 56. Qf6 Nd6 57. Kd4 Ne4 58. Qh8+ Ke7 59. h4 Nf6 60. Qb8 Nd7 61. Qb4+ Ke8 62. Qb1 Bc6 63. Ke3 e5 64. Qd3 Ke7 65. Qc4 Bh1 66. h5 gxh5 67. Qh4+ Nf6 68. Qxh1 Ke6 69. Qh3+ Ng4+ 70. Ke2 f5 71. Qxh5 e4 72. Qh8 Nf6 73. Ke3 Nd5+ 74. Kd4 1-0

[Event "EU-Cup 31st"]
[Site "Skopje"]
[Date "2015.10.21"]
[Round "4.1"]
[White "Jensen, Bjarke"]
[Black "Ondersteijn, Niels"]
[Result "0-1"]
[WhiteElo "2366"]
[BlackElo "2415"]
[PlyCount "124"]
[EventDate "2015.10.18"]
[EventType "team-swiss"]
[EventRounds "7"]
[EventCountry "MKD"]
[SourceTitle "CBM 169"]
[Source "ChessBase"]
[SourceDate "2015.11.10"]
[SourceVersion "1"]
[SourceVersionDate "2015.11.10"]
[SourceQuality "1"]
[WhiteTeam "Jetsmark"]
[BlackTeam "Calder HMC"]
[WhiteTeamCountry "DEN"]
[BlackTeamCountry "NED"]

1. e4 e5 2. Nf3 d6 3. d4 exd4 4. Nxd4 Nf6 5. Nc3 Be7 6. g3 d5 7. e5 Ng4 8. e6 Nf6 9. exf7+ Kxf7 10. Bg2 c6 11. 0-0 Re8 12. Nce2 Nbd7 13. c4 Nb6 14. b3 dxc4 15. bxc4 Bc5 16. Be3 Bg4 17. Qb3 Qe7 18. Nf4 Rad8 19. Nc2 Kg8 20. a4 g5 21. Nd3 Bxe3 22. Nxe3 Be2 23. c5+ Qf7 24. Qxf7+ Kxf7 25. cxb6 Bxd3 26. Rfc1 axb6 27. Ra3 b5 28. Rc5 h6 29. a5 b4 30. Rb3 Rd4 31. Bf3 Ke6 32. a6 Bxa6 33. Nf5 Rd3 34. Rxd3 Bxd3 35. Ng7+ Kd6 36. Nxe8+ Nxe8 37. Rc1 Ba6 38. Bd1 Nf6 39. Bb3 Ne4 40. Re1 Nc5 41. Bg8 Bd3 42. f4 gxf4 43. gxf4 b3 44. Kf2 Bc2 45. Ke3 Ne6 46. Kd2 Nxf4 47. Kc3 Nd5+ 48. Kb2 Kc5 49. Re6 Nb6 50. Rxh6 Na4+ 51. Kc1 Kb4 52. Rh3 c5 53. Bxb3 Bxb3 54. Re3 c4 55. h4 Nc5 56. h5 c3 57. h6 Bg8 58. Re7 Kb3 59. Rc7 b6 60. Rc6 Nd3+ 61. Kd1 b5 62. Ke2 c2 0-1

[Event "EU-Cup 31st"]
[Site "Skopje"]
[Date "2015.10.19"]
[Round "2.1"]
[White "Geirnaert, Steven"]
[Black "Jensen, Bjarke"]
[Result "1-0"]
[WhiteElo "2450"]
[BlackElo "2366"]
[PlyCount "131"]
[EventDate "2015.10.18"]
[EventType "team-swiss"]
[EventRounds "7"]
[EventCountry "MKD"]
[SourceTitle "CBM 169"]
[Source "ChessBase"]
[SourceDate "2015.11.10"]
[SourceVersion "1"]
[SourceVersionDate "2015.11.10"]
[SourceQuality "1"]
[WhiteTeam "Bruges"]
[BlackTeam "Jetsmark"]
[WhiteTeamCountry "BEL"]
[BlackTeamCountry "DEN"]

1. d4 d5 2. c4 c6 3. Nc3 Nf6 4. cxd5 cxd5 5. Bf4 Nc6 6. e3 Bf5 7. Qb3 Na5 8. Qa4+ Bd7 9. Qc2 e6 10. Bd3 Bb4 11. Nf3 Rc8 12. 0-0 Nc4 13. Bxc4 Rxc4 14. Ne5 Rc8 15. Qb3 Qa5 16. Nxd7 Nxd7 17. a3 Bxc3 18. Qxb7 0-0 19. bxc3 Qa4 20. Bd6 Rfd8 21. Bc7 Nc5 22. dxc5 Qd7 23. Qxa7 Rxc7 24. Qb6 Rc6 25. Qb4 Qc7 26. c4 Rb8 27. cxd5 Rxc5 28. d6 Qxd6 29. Rad1 Qe5 30. Rd4 g6 31. Qd2 Kg7 32. g3 Rbc8 33. Rf4 Rd5 34. Qb4 Rc7 35. a4 Rcd7 36. h4 h6 37. Rc1 Rd1+ 38. Rxd1 Rxd1+ 39. Kh2 g5 40. Rd4 Rc1 41. Rd8 Kg6 42. Qd4 Qxd4 43. Rxd4 gxh4 44. Rxh4 Rc2 45. Kg2 Ra2 46. Rf4 h5 47. Kf3 f6 48. Rc4 Kg5 49. Rc5+ e5 50. Ra5 h4 51. gxh4+ Kxh4 52. Ra8 Kg5 53. a5 Kf5 54. a6 e4+ 55. Kg3 Ra1 56. Kg2 Ra3 57. a7 Ra2 58. Kg3 Ra1 59. Kh2 Ra2 60. Kg2 Ra1 61. f3 exf3+ 62. Kf2 Ra2+ 63. Kxf3 Ra3 64. Kf2 Ra2+ 65. Kg3 Ra3 66. Kf3 1-0

[Event "DEN-chT 1415 53rd"]
[Site "Denmark"]
[Date "2015.01.25"]
[Round "6.3"]
[White "Jensen, Bjarke"]
[Black "Aabling Thomsen, Jakob"]
[Result "1-0"]
[WhiteElo "2351"]
[BlackElo "2316"]
[PlyCount "101"]
[EventDate "2014.10.25"]
[EventType "team-tourn"]
[EventRounds "9"]
[EventCountry "DEN"]
[SourceTitle "EXT 2016"]
[Source "ChessBase"]
[SourceDate "2015.10.08"]
[SourceVersion "1"]
[SourceVersionDate "2015.10.08"]
[SourceQuality "1"]
[WhiteTeam "Jetsmark"]
[BlackTeam "Bronshoj"]
[WhiteTeamCountry "DEN"]
[BlackTeamCountry "DEN"]

1. e4 c5 2. Nf3 d6 3. Bc4 Nf6 4. d3 Nc6 5. c3 e6 6. Bb3 d5 7. Nbd2 Be7 8. 0-0 0-0 9. Re1 b5 10. e5 Nd7 11. Nf1 f6 12. exf6 Nxf6 13. d4 cxd4 14. cxd4 Bd7 15. Ng3 Qb6 16. Bc2 Rae8 17. Bg5 Bc8 18. Rc1 Bd6 19. Bb1 Bxg3 20. hxg3 Bb7 21. Ne5 Nxe5 22. Rxe5 Nd7 23. Qh5 h6 24. Bxh6 Nxe5 25. Be3 g6 26. Qxe5 Rc8 27. Rxc8 Bxc8 28. Bh6 Rf7 29. Bxg6 Qc7 30. Qg5 Rg7 31. Bxg7 Kxg7 32. Bd3+ Kf8 33. Qf6+ Kg8 34. Qg6+ Kf8 35. Qf6+ Kg8 36. Bxb5 Qc1+ 37. Kh2 Qxb2 38. Qd8+ Kg7 39. Qe7+ Kg8 40. Qd8+ Kg7 41. Qxc8 Qxb5 42. Qxe6 a5 43. g4 Qc4 44. Qe5+ Kg8 45. a3 Qa2 46. Qe3 a4 47. g5 Qc2 48. Qe6+ Kh8 49. g6 Qxg6 50. Qh3+ Kg7 51. Qg3 1-0

[Event "DEN-chT 1314 52nd"]
[Site "Denmark"]
[Date "2014.01.26"]
[Round "6.4"]
[White "Sylvan, Jacob"]
[Black "Jensen, Bjarke"]
[Result "0-1"]
[WhiteElo "2337"]
[BlackElo "2315"]
[PlyCount "84"]
[EventDate "2013.11.02"]
[EventType "team-tourn"]
[EventRounds "9"]
[EventCountry "DEN"]
[SourceTitle "EXT 2015"]
[Source "ChessBase"]
[SourceDate "2014.11.20"]
[SourceVersion "1"]
[SourceVersionDate "2014.11.20"]
[SourceQuality "1"]
[WhiteTeam "Nordkalotten"]
[BlackTeam "Jetsmark"]
[WhiteTeamCountry "DEN"]
[BlackTeamCountry "DEN"]

1. e4 c5 2. Nf3 Nc6 3. d4 cxd4 4. Nxd4 Nf6 5. Nc3 e5 6. Ndb5 d6 7. a4 a6 8. Na3 Bg4 9. f3 Be6 10. Nc4 d5 11. exd5 Bxd5 12. Nxd5 Nxd5 13. Ne3 Qa5+ 14. c3 Rd8 15. Nxd5 Rxd5 16. Bd2 Qd8 17. Qc2 Bc5 18. 0-0-0 0-0 19. Bc4 Rd6 20. h4 Qb8 21. Bg5 b5 22. Rxd6 Bxd6 23. Qe4 Ne7 24. axb5 axb5 25. Bxe7 Bxe7 26. Bd3 g6 27. h5 b4 28. c4 Bf6 29. c5 Qa7 30. hxg6 hxg6 31. Bc4 Kg7 32. Kb1 Qxc5 33. Rd1 Rc8 34. b3 Rc7 35. Qd5 Qf2 36. Qd2 Qh4 37. Qe1 Rxc4 38. bxc4 Qxc4 39. Rd6 Qb3+ 40. Ka1 Qa3+ 41. Kb1 b3 42. Qd2 Bg5 0-1

[Event "DEN-chT 1314 52nd"]
[Site "Denmark"]
[Date "2014.01.12"]
[Round "5.4"]
[White "Jensen, Bjarke"]
[Black "Pedersen, Steffen"]
[Result "1-0"]
[WhiteElo "2315"]
[BlackElo "2418"]
[PlyCount "101"]
[EventDate "2013.11.02"]
[EventType "team-tourn"]
[EventRounds "9"]
[EventCountry "DEN"]
[SourceTitle "EXT 2015"]
[Source "ChessBase"]
[SourceDate "2014.11.20"]
[SourceVersion "1"]
[SourceVersionDate "2014.11.20"]
[SourceQuality "1"]
[WhiteTeam "Jetsmark"]
[BlackTeam "Nordea"]
[WhiteTeamCountry "DEN"]
[BlackTeamCountry "DEN"]

1. e4 c6 2. d4 d5 3. e5 Bf5 4. Nf3 e6 5. Be2 Nd7 6. 0-0 Bg6 7. Nbd2 Nh6 8. c3 Be7 9. Nb3 0-0 10. Bf4 Nf5 11. Qd2 Rc8 12. g4 Nh4 13. Nxh4 Bxh4 14. Be3 h6 15. f4 f5 16. g5 Kf7 17. gxh6 Rh8 18. hxg7 Rh7 19. Bf2 Be7 20. Kh1 Qg8 21. Rg1 Qxg7 22. Rg2 Rch8 23. Rag1 Rh6 24. Na5 Qh7 25. Bg3 Rb8 26. Bd1 Bd8 27. Nb3 Be7 28. Na5 Bd8 29. Nb3 Be7 30. Re1 Rh3 31. Kg1 b6 32. Kf2 Qh6 33. Nc1 Rh8 34. Reg1 Nf8 35. Ba4 c5 36. Bd1 Bh7 37. Kf1 Ng6 38. Nd3 Qf8 39. Nf2 Rh6 40. c4 Qd8 41. Bf3 dxc4 42. d5 exd5 43. Bxd5+ Kf8 44. Nd1 b5 45. Ne3 Nh4 46. Bxh4 Rxh4 47. Nxf5 Rh3 48. Nxe7 Qxe7 49. Rg7 Rd3 50. Rxe7 Rxd2 51. Rxa7 1-0

[Event "DEN-chB"]
[Site "Helsingor"]
[Date "2013.03.29"]
[Round "4"]
[White "Hansen, Mads"]
[Black "Jensen, Bjarke"]
[Result "1/2-1/2"]
[WhiteElo "2309"]
[BlackElo "2288"]
[PlyCount "134"]
[EventDate "2013.03.26"]
[EventType "swiss"]
[EventRounds "7"]
[EventCountry "DEN"]
[SourceTitle "EXT 2014"]
[Source "ChessBase"]
[SourceDate "2013.11.20"]
[SourceVersion "1"]
[SourceVersionDate "2013.11.20"]
[SourceQuality "1"]

1. c4 c6 2. g3 d5 3. Nf3 Nf6 4. Bg2 dxc4 5. 0-0 Nbd7 6. Qc2 Nb6 7. a4 a5 8. Na3 Nfd5 9. Nxc4 Nb4 10. Qc3 Nxc4 11. Qxc4 Be6 12. Qc3 Nd5 13. Qc2 Nb4 14. Qc3 Nd5 15. Qe5 Qd6 16. d3 f6 17. Qxd6 exd6 18. Bd2 Nb4 19. Nd4 Bd7 20. Rfc1 Kf7 21. Bf1 Be7 22. e4 Rhc8 23. f4 d5 24. e5 c5 25. e6+ Bxe6 26. Nxe6 Kxe6 27. Bh3+ f5 28. Re1+ Kf7 29. Bxf5 Rc6 30. Re2 Bf6 31. Bc3 g6 32. Bd7 Rb6 33. Rd1 Rd8 34. Bg4 d4 35. Bxb4 Rxb4 36. Rc1 Re8 37. Rxe8 Kxe8 38. Rxc5 Rxa4 39. Be6 Ra1+ 40. Kf2 Rd1 41. Ke2 Rh1 42. Rb5 Be7 43. Rxb7 Bb4 44. Bg8 Rxh2+ 45. Kf3 Be7 46. b3 h5 47. Bh7 Kf7 48. Bxg6+ Kxg6 49. Rxe7 Rd2 50. Re6+ Kf7 51. Re5 Rxd3+ 52. Kg2 Rxb3 53. Rxa5 Kg6 54. Rg5+ Kh6 55. Kh3 Rb1 56. Rd5 Rh1+ 57. Kg2 Rd1 58. Rd6+ Kg7 59. f5 d3 60. Kf2 d2 61. Ke2 Rg1 62. Rg6+ Kf7 63. Kxd2 h4 64. gxh4 Rxg6 65. fxg6+ Kxg6 66. Kc3 Kh5 67. Kb2 Kxh4 1/2-1/2

[Event "DEN-ch cand"]
[Site "Helsingor"]
[Date "2012.04.08"]
[Round "6"]
[White "Stojanovski, Sandi"]
[Black "Jensen, Bjarke"]
[Result "0-1"]
[WhiteElo "2174"]
[BlackElo "2285"]
[PlyCount "84"]
[EventDate "2012.04.03"]
[EventType "swiss"]
[EventRounds "7"]
[EventCountry "DEN"]
[SourceTitle "EXT 2018"]
[Source "ChessBase"]
[SourceDate "2017.10.13"]
[SourceVersion "1"]
[SourceVersionDate "2017.10.13"]
[SourceQuality "1"]

1. Nf3 Nf6 2. c4 c6 3. e3 d5 4. b3 Bg4 5. Be2 e6 6. 0-0 Nbd7 7. Bb2 Bd6 8. d3 Qe7 9. Nbd2 0-0 10. Qc2 h6 11. e4 e5 12. cxd5 cxd5 13. Rfc1 Rfe8 14. a3 Rad8 15. Nf1 d4 16. Nh4 Bxe2 17. Nf5 Qe6 18. Qxe2 Bf8 19. Nd2 g6 20. Ng3 Nc5 21. b4 Na4 22. Nf3 Rc8 23. Rxc8 Rxc8 24. Rc1 Rxc1+ 25. Bxc1 Qc6 26. Qd2 Nd7 27. Ne2 a5 28. Ne1 axb4 29. axb4 Nc3 30. Nc2 Bxb4 31. Nexd4 exd4 32. Nxb4 Qa4 33. Nc2 Nc5 34. Ba3 Nb1 35. Qc1 Nxa3 36. Nxa3 Nxd3 37. Qc8+ Kg7 38. Nc2 Nb4 39. Qc4 Qxc2 40. Qxd4+ Kg8 41. Qd8+ Kh7 42. g3 Qb1+ 0-1